Music Quiz

Random Music or Kpop Quiz

Pre-2014 Name As Many K-Pop Groups As You Can Quiz Stats

 Plays Quiz not verified by Sporcle

Challenge
Share
Tweet
Embed
Score 0/190 Timer 20:00
0 Plays Today
% Correct
So Nyeo Shi Dae
96.1%
Super Junior
95.4%
EXO
95%
Big Bang
95%
2NE1
92.9%
SHINee
92.6%
2PM
90%
2AM
89.6%
f(x)
89.3%
BEAST
89.1%
Dong Bang Shin Ki
87.5%
4minute
86.7%
Infinite
86.2%
B.A.P
85.7%
miss A
85.5%
BTOB
84.8%
SiStar
84.6%
T-ara
83.8%
Apink
82.7%
BTS
82.7%
KARA
81.6%
Block B
81.3%
After School
81.1%
VIXX
80.3%
C.N.Blue
80%
Wonder Girls
79.8%
Global Icon
79.6%
Girls' Day
78%
Teen Top
77.8%
FTIsland
77.6%
Secret
76.9%
MBLAQ
75.9%
Boyfriend
75.7%
B1A4
75.6%
U-KISS
75.3%
AOA
71.8%
NU'EST
70.7%
JYJ
70.3%
Rainbow
69.1%
Children of Empire
68.9%
Brown Eyed Girls
68%
Orange Caramel
66.5%
Shinhwa
65.4%
Epik High
63.8%
100%
62.5%
Nine Muses
60.1%
SS501
59.9%
WINNER
58.4%
Crayon Pop
56.2%
C-CLOWN
55.6%
H.O.T
55.5%
SPEED
54.9%
Dalashabet
54.8%
Davichi
54.5%
EXID
53.8%
A-JAX
53.2%
MYNAME
52.8%
Hello Venus
52.7%
SPICA
52.3%
TASTY
50.8%
LEDApple
49.1%
RaNia
48.2%
DMTN
48.1%
Topp Dogg
48.1%
% Correct
Trouble Maker
47.7%
JJ Project
46.9%
FIESTAR
46.3%
Ladies' Code
45.8%
F-Dolls
45.3%
Coed School
43.5%
HISTORY
43%
TRAX
42.4%
15&
42.4%
EVOL
41.8%
AA
41.7%
M.I.B
41.4%
Super Junior M
41.1%
SiStar 19
40%
Chocolat
40%
TTS
39.5%
Jewelry
39.3%
BIGSTAR
39.3%
BESTie
39.2%
F.Cuz
38.9%
TINY-G
38.8%
GLAM
38.6%
Sunny Hill
37.2%
CROSS GENE
37.1%
LC9
36.7%
STELLAR
36.4%
MR.MR
35.7%
Super Junior H
34.8%
S.E.S.
34.3%
Infinite H
34.1%
Lunafly
33.6%
Super Junior T
33.1%
Wonder Boyz
32.9%
Akdong Musician
32.1%
The Boss
31.9%
Fin.KL
31.2%
Super Junior KRY
30.9%
AlphaBAT
30.6%
Wa$$up
30.2%
D-UNIT
30.1%
Brave Girls
28.6%
2YOON
28.3%
TWO X
28%
TAHITI
27.2%
C-REAL
26.4%
24K
25.4%
A-PRINCE
25.4%
PHANTOM
25.3%
N-Train
25.3%
Dynamic Duo
24.7%
M.Pire
23.6%
Supernova
22.6%
SM The Ballad
22.2%
SEVENTEEN
22.1%
T-ara N4
22%
Fly To The Sky
21.9%
uBEAT
21.8%
1TYM
21.4%
GP Basic
20.5%
4men
20.3%
Chi-Chi
20.2%
Brown Eyed Soul
20%
The Seeya
19.9%
N-Sonic
19.7%
% Correct
Baby V.O.X.
19.1%
Jinusean
17.6%
M.I.L.K.
17.4%
SKarf
17.3%
8eight
17%
ZE:A5
16.7%
Apeace
16.6%
T-MAX
16.3%
Rainbow Pixie
16.3%
Electroboyz
16.1%
2EYES
15.5%
Piggy Dolls
14.9%
NELL
14.6%
She'z
14.6%
AS Red
14%
PURE
14%
AS Blue
13.5%
GD&TOP
13.3%
TOUCH
12.7%
Sunny Days
11.7%
V.O.S
11.6%
Blady
11.4%
CSJH The Grace
10.5%
LU:KUS
10.5%
ChAOS
10.1%
Supreme Team
9.6%
OFFROAD
9.2%
100% V
8.7%
EXCITE
8.6%
HITT
7.9%
One Way
7.3%
Airplane
7.3%
5tion
7.3%
ZE:A4U
7.2%
SM The Performance
7%
Gavy NJ
6.4%
MFBTY
6.3%
Demion
6.3%
DASONI
6.1%
Jevice
5.9%
Jewelry S
5.8%
Clazziquai
5.7%
M&D
5.6%
DNT
5.3%
Miss $
4.5%
10cm
4.5%
TREN-D
4.3%
M&N
4.3%
Pro-C
4.2%
Never Mind
4.1%
BPPop
3.9%
BBde Girl
3.1%
Queen B'z
3%
Iconize
3%
Brave Guys
3%
The Gloss
2.5%
Agirls
1.7%
A'ST1
1.6%
d2O
1.6%
IMPACT
1.6%
Sunny Side
0.6%
IMU
0.6%

You're not logged in!

Compare scores with friends on all Sporcle quizzes.
Join for Free
OR
Log In

You Might Also Like...

Show Comments

Extras

Top Quizzes Today


Score Distribution

Your Account Isn't Verified!

In order to create a playlist on Sporcle, you need to verify the email address you used during registration. Go to your Sporcle Settings to finish the process.

Report this User

Report this user for behavior that violates our Community Guidelines.

Details: